| 000 | 04221nam a2200385 i 4500 | ||
|---|---|---|---|
| 003 | DO-SdBNP | ||
| 005 | 20250414101008.0 | ||
| 007 | ta | ||
| 008 | 250414b2024 dr ||||| |||| 00| 0 spa d | ||
| 020 | _a9789945510812 | ||
| 040 |
_aDO-SdBNP _bspa _cBNPHU _erda |
||
| 041 | _aspa | ||
| 082 | 4 |
_a0 _bB982e 2024 _222 |
|
| 100 | 1 |
_aBustamante, Fernanda _eautor _4aut. _987128 |
|
| 245 | 1 | 0 |
_aEscribir otra isla : _bla República Dominicana en su literatura / _cFernanda Bustamante, Eva Guerrero y Néstor E. Rodríguez ; prólogo de Rafael Peralta Romero ; a modo de preludio José Rafael Lantigua ; corrección, María del Carmen Vicente, Apolinar Liz Rodríguez y Modesto Cuesta. |
| 250 | _aSegunda edición | ||
| 264 | 4 |
_aSanto Domingo, República Dominicana : _bEditora Nacional, _c©2024. |
|
| 300 |
_a374 páginas ; _c23 cm. |
||
| 336 |
_atexto _btxt _2rdacontent |
||
| 337 |
_asin mediación _bn _2rdamedia |
||
| 338 |
_avolumen _bnc _2rdacarrier |
||
| 500 | _aIncluye referencias bibliográficas y notas al pie de las páginas | ||
| 500 | _aIncluye referencias bibliográficas al final de los capítulos | ||
| 505 |
_aPrólogo / _rRafael Peralta Romero, 9 -- _tA modo de preludio (Primera edición) / _rJosé Rafael Lantigua, 15 -- _tIntroducción (Primera edición) / _rFernanda Bustamante, Eva Guerrero, Néstor E. Rodríguez, 19 -- _tEntre siglos e inicios del siglo XX, 25 -- _tLa farmacia y la emancipación de genera en la literatura dominicana de entre siglos / _rOlga Nedvyga, 27 -- _tRepresentaciones del intelectual y la ciudad en La sangre (1914), de Tulio M. Cestera / _rRamón Antonio Victoriano Martínez, 47 -- _tAbigaíl Mejía: narrar entre República Dominicana y España. Hojas de un diario viajero (1919) / _rEva Guerrero, 63 -- _tHistoria de una escritura: La Mañosa (1936), de Juan Bosch / _rGuillermo Piña-Contreras, 81 -- _tVigencia de la «materia reunida» de Camila Henríquez Ureña. Algunas reflexiones desde el espacio académico estadounidense sobre su legado intelectual y feminista / _rSharina Maillo-Pozo, 97 -- _tUn destino apasionado. Ideario de La Poesía Sorprendida / _rEva Valcárcel, 117 -- _tTrementina, clerén y bongó (1943), de Julio González Herrera / _rDanilo Manera, 131 -- _tDel mito a la ironía. Catarsis y tragedia en los cuentos de Juan Bosch / _rMaría Del Rocío Oviedo y Pérez De Tudela, 147 -- _t«Contracanto a WaIt Whitrnan» (1952), de Pedro Mir, y la descolonización de lo humano / Catherine Sawyer, 167 -- Segunda Mitad del siglo XX y nuevo milenio, 185 -- _rCatherine Sawyer, 167 -- _tSegunda Mitad del siglo XX y nuevo milenio, 185 -- _t«Ficciones oscuras»: control autoral y violencia sexual en Escalera para Electra (1970), de Aída Cartagena Portalatín / _rSandra Alvarado Bordas, 187 -- _tHeterotopía y representación de subjetividades afrodescendientes en la poesía de Juan Sánchez Lamouth / _rAlain B. Atouba Edjeba, 207 -- _tBurladores burlados. Astucia y sororidad en dos cuentos de Ángela Hernández / _rVioleta Lorenzo Feliciano, 269 -- _tMar y pensamiento en la obra de José Mármol / _rJochy Herrera, 287 -- _t«Aquí en el Ni e' se reescribe la novela». Celebración de la comunidad y la escritura diaspórica en voces de mujeres con conciencia mestiza, en Levente no. Yolayorkdominicanyork (2010), de Josefina Báez / _rFernanda Bustamante Escalona, 311 -- _tEscribir la antillanía bella, terrible, trágica: El hombre triangulo (2005) y las performances literarias de Rey Andújar / _rCatherine Pélage, 333 -- _t«El rastro de su fragancia como una firma asfixiante en el aire». Una exploración de los sentidos en «Los trajes 1975» (2017), de Rita Indiana / _rRita De Maeseneer Marie Schoups, 351 -- _tDe los autores, 369. |
||
| 590 | _aInventariado, 2025 /LP | ||
| 700 | 1 |
_aGuerrero, Eva _eautor _4aut. _987439 |
|
| 700 | 1 |
_aRodríguez, Néstor E. _eautor _4aut. _987440 |
|
| 700 | 1 |
_aPeralta Romero, Rafael, _eprologuista _4pr. _987405 |
|
| 700 | 1 |
_aLantigua, José Rafael, _epreludio _4pr. _985376 |
|
| 700 | 1 |
_aVicente, María del Carmen _ecorrección _4corr. _957201 |
|
| 700 | 1 |
_aLiz Rodríguez, Apolinar _ecorrección _4corr. _984877 |
|
| 700 | 1 |
_aCuesta, Modesto _93209 |
|
| 910 | _aLP | ||
| 942 |
_2ddc _cLBS1 |
||
| 999 |
_c58329 _d58329 |
||